The conscious reader

Đã lưu trong:
书目详细资料
主要作者: C Shiodes
格式: 图书
语言:Undetermined
出版: New York Macmillan 1960
主题:
标签: 添加标签
没有标签, 成为第一个标记此记录!
Thư viện lưu trữ: Trung tâm Học liệu Trường Đại học Cần Thơ
LEADER 00414nam a2200169Ia 4500
001 CTU_13743
008 210402s9999 xx 000 0 und d
082 |a 808.042 
082 |b C586 
100 |a C Shiodes 
245 4 |a The conscious reader 
245 0 |c C Shiodes 
260 |a New York 
260 |b Macmillan 
260 |c 1960 
650 |a readers 
980 |a Trung tâm Học liệu Trường Đại học Cần Thơ